000 00745nam a22002177a 4500
003 UA-OsUOA
001 123942
007 ta
008 20170719b un ||||| |||| 00| 0 ukr d
100 _aПрихлдько І.
090 _a82
_bП77
942 _cSA
040 _aUA-OsUOA
_bukr
_cUA-OsUOA
_dUA-OsUOA
245 _aАктуальні акценти в осмисленні творчості Ольги Кобилянської (1863-1942)
300 _aС. 7-11
955 _a0
041 _aukr
080 _a82
773 0 _w123940
_tПрограма психологічного супроводу обдарованих дітей
_dЛьвів
_d2017
_g2
650 7 _a82 Література. Літературознавство
_2UDC
999 _c411121
_d411121